[Event "Continental Absoluto Americas 2011"]
[Site "Toluca MEX"]
[Date "2011.04.23"]
[Round "7"]
[White "Quesada Perez, Yuniesky"]
[Black "Felgaer, Ruben"]
[Result "1/2-1/2"]
[WhiteElo "2620"]
[BlackElo "2577"]
[PlyCount "106"]
[EventDate "2011.04.14"]
[EventType "swiss"]
[EventRounds "9"]
[EventCountry "MEX"]
[Source "lmi"]
[SourceDate "2011.04.19"]

1. e4 c5 2. Nf3 e6 3. d4 cxd4 4. Nxd4 a6 5. Bd3 Bc5 6. Nb3 Ba7 7. Qe2 Nc6 8.
Be3 e5 9. c4 d6 10. O-O Nf6 11. Bxa7 Rxa7 12. Nc3 O-O 13. Qe3 Be6 14. Rfd1 Qb8
15. Rd2 Rd8 16. Rad1 b6 17. Be2 h6 18. h3 Rb7 19. Nd5 Nd7 20. Na1 a5 21. Nc2
Nc5 22. Nc3 Rbd7 23. Na3 Nd4 24. Nab5 Nxb5 25. Nxb5 Qa8 26. Nc3 a4 27. Bg4 Qa5
28. Nb5 Qb4 29. Qc3 Qxc3 30. Nxc3 Kf8 31. f3 g6 32. h4 f5 33. Bh3 Ke7 34. Nd5+
Bxd5 35. Rxd5 Rf8 36. h5 Rdd8 37. exf5 gxf5 38. f4 Ne6 39. fxe5 dxe5 40. Rxd8
Nxd8 41. Rf1 Ke6 42. g4 Nc6 43. Rxf5 Rxf5 44. gxf5+ Kf6 45. Kf2 Nb4 46. Ke3
Nxa2 47. Bg4 Nc1 48. Bd1 Kxf5 49. Bxa4 e4 50. Be8 Na2 51. Kd2 Nb4 52. Ke3 Nc2+
53. Kd2 Nb4 1/2-1/2

[Event "Continental Absoluto Americas 2011"]
[Site "Toluca MEX"]
[Date "2011.04.23"]
[Round "7"]
[White "Friedel, Joshua E"]
[Black "Nogueiras Santiago, Jesus"]
[Result "1/2-1/2"]
[WhiteElo "2529"]
[BlackElo "2566"]
[PlyCount "63"]
[EventDate "2011.04.14"]
[EventType "swiss"]
[EventRounds "9"]
[EventCountry "MEX"]
[Source "lmi"]
[SourceDate "2011.04.19"]

1. e4 Nf6 2. e5 Nd5 3. d4 d6 4. Nf3 g6 5. Bc4 c6 6. O-O Bg7 7. exd6 Qxd6 8.
Nbd2 Bg4 9. c3 O-O 10. h3 Bxf3 11. Qxf3 Nd7 12. Bb3 e6 13. h4 h6 14. Re1 b5 15.
Ne4 Qe7 16. Qg3 Kh8 17. Qd6 Qxd6 18. Nxd6 N7b6 19. a4 b4 20. a5 Nc8 21. Ne4 Rd8
22. Bd2 bxc3 23. bxc3 Nd6 24. Nxd6 Rxd6 25. Rab1 Rc8 26. Bxd5 Rxd5 27. Rb7 Kg8
28. Rxa7 c5 29. Be3 cxd4 30. cxd4 Bxd4 31. Bxd4 Rxd4 32. g3 1/2-1/2

[Event "Continental Absoluto Americas 2011"]
[Site "Toluca MEX"]
[Date "2011.04.23"]
[Round "7"]
[White "Cordova, Emilio"]
[Black "Abreu Delgado, Aryam"]
[Result "1/2-1/2"]
[WhiteElo "2562"]
[BlackElo "2485"]
[PlyCount "153"]
[EventDate "2011.04.14"]
[EventType "swiss"]
[EventRounds "9"]
[EventCountry "MEX"]
[Source "lmi"]
[SourceDate "2011.04.19"]

1. d4 Nf6 2. Nf3 g6 3. c4 Bg7 4. g3 O-O 5. Bg2 d6 6. O-O Nbd7 7. Nc3 e5 8. Qc2
Re8 9. Rd1 c6 10. b3 exd4 11. Nxd4 Qe7 12. Bf4 Ne5 13. Qd2 Nh5 14. Bh6 Bh8 15.
h3 f6 16. Be3 f5 17. Nc2 Be6 18. Rac1 a5 19. Qxd6 Qxd6 20. Rxd6 Nxc4 21. bxc4
Bxc3 22. Nd4 Bxd4 23. Bxd4 Rad8 24. Rxd8 Rxd8 25. e3 Kf7 26. Rb1 Rd7 27. Bf1
Nf6 28. f3 Ne8 29. Bc5 g5 30. g4 Nf6 31. a4 fxg4 32. hxg4 h5 33. gxh5 Nxh5 34.
Kf2 g4 35. Bd4 gxf3 36. Kxf3 Nf6 37. Rb2 Bf5 38. Rh2 c5 39. Bxc5 Rd1 40. Bh3
Bxh3 41. Rxh3 Ra1 42. Ke2 Rxa4 43. Kd3 Ra1 44. Rf3 Rh1 45. Bd4 Rh6 46. Rf5 Ke7
47. Rb5 Nd7 48. Rxb7 Ra6 49. c5 Kd8 50. Kc4 Kc8 51. Rb3 Kc7 52. Kb5 Ra8 53. Ra3
Rb8+ 54. Kc4 Rb4+ 55. Kd5 Rb5 56. Rc3 a4 57. Rc1 a3 58. Ke4 Rb8 59. Kd5 a2 60.
Ra1 Ra8 61. e4 Ra5 62. e5 Nb6+ 63. Ke6 Nd7 64. Kd5 Nb6+ 65. Ke4 Nd7 66. Kf5 Kc6
67. e6 Nxc5 68. Bxc5 Rxc5+ 69. Kf6 Rc2 70. e7 Rf2+ 71. Ke6 Re2+ 72. Kf7 Rf2+
73. Ke8 Re2 74. Rc1+ Kb5 75. Kd7 Kb4 76. e8=Q Rxe8 77. Kxe8 1/2-1/2

[Event "Continental Absoluto Americas 2011"]
[Site "Toluca MEX"]
[Date "2011.04.23"]
[Round "7"]
[White "Fernandez Cardoso, Alexey"]
[Black "Lenderman, Aleksandr"]
[Result "1-0"]
[WhiteElo "2440"]
[BlackElo "2548"]
[PlyCount "97"]
[EventDate "2011.04.14"]
[EventType "swiss"]
[EventRounds "9"]
[EventCountry "MEX"]
[Source "lmi"]
[SourceDate "2011.04.19"]

1. e4 c6 2. d4 d5 3. e5 Bf5 4. Nf3 e6 5. Be2 Ne7 6. O-O Bg6 7. b3 Nf5 8. c4 Nd7
9. h3 dxc4 10. bxc4 Nb6 11. a3 Qc7 12. g4 Nh6 13. Nc3 Rd8 14. Be3 Ng8 15. Qb3
h5 16. Rad1 hxg4 17. hxg4 Nh6 18. Nh4 Bh7 19. Ng2 Nd7 20. c5 b6 21. cxb6 Nxb6
22. Rc1 Be7 23. Nb5 Qd7 24. Nxa7 Qxa7 25. d5 Rb8 26. Rxc6 Nxd5 27. Rc8+ Rxc8
28. Bxa7 O-O 29. Bc4 Ra8 30. Qb7 Bxa3 31. Bxd5 exd5 32. Ne3 Rfe8 33. f3 d4 34.
Nf5 Bf8 35. Nd6 Rxa7 36. Qxa7 Rxe5 37. Qxd4 Ra5 38. Re1 Ra8 39. Qd5 Rd8 40. Re8
Rxe8 41. Nxe8 Bg6 42. Kg2 Kh7 43. Nc7 Be7 44. Kg3 Ng8 45. f4 Nf6 46. Qh1+ Kg8
47. Qa8+ Kh7 48. Nb5 Ne4+ 49. Kf3 1-0

[Event "Continental Absoluto Americas 2011"]
[Site "Toluca MEX"]
[Date "2011.04.23"]
[Round "8"]
[White "Vescovi, Giovanni"]
[Black "Bruzon Batista, Lazaro"]
[Result "1/2-1/2"]
[WhiteElo "2634"]
[BlackElo "2668"]
[PlyCount "22"]
[EventDate "2011.04.14"]
[EventType "swiss"]
[EventRounds "9"]
[EventCountry "MEX"]
[Source "lmi"]
[SourceDate "2011.04.19"]

1. d4 Nf6 2. c4 e6 3. Nf3 Bb4+ 4. Bd2 Bxd2+ 5. Nbxd2 O-O 6. g3 b6 7. Bg2 Bb7 8.
O-O c5 9. Rc1 cxd4 10. Nxd4 Bxg2 11. Kxg2 Nc6 1/2-1/2

[Event "Continental Absoluto Americas 2011"]
[Site "Toluca MEX"]
[Date "2011.04.23"]
[Round "8"]
[White "De La Paz Perdomo, Frank"]
[Black "Bluvshtein, Mark"]
[Result "1/2-1/2"]
[WhiteElo "2473"]
[BlackElo "2589"]
[PlyCount "82"]
[EventDate "2011.04.14"]
[EventType "swiss"]
[EventRounds "9"]
[EventCountry "MEX"]
[Source "lmi"]
[SourceDate "2011.04.19"]

1. e4 e5 2. Nf3 Nf6 3. Nxe5 d6 4. Nf3 Nxe4 5. d4 d5 6. Bd3 Bd6 7. O-O O-O 8. c4
c6 9. Nc3 Nxc3 10. bxc3 dxc4 11. Bxc4 Bf5 12. a4 Nd7 13. Re1 h6 14. Ba3 Bxa3
15. Rxa3 Re8 16. Rxe8+ Qxe8 17. Ra2 Qf8 18. Re2 Re8 19. a5 b5 20. axb6 Nxb6 21.
Bb3 Nd5 22. Rxe8 Qxe8 23. Ne5 f6 24. Nf3 Qe4 25. h3 Kh7 26. Bxd5 cxd5 27. Kh2
a5 28. Qa1 Qf4+ 29. Kg1 Bxh3 30. gxh3 Qxf3 31. Qxa5 h5 32. Qc5 Kg6 33. Qc8 Kg5
34. c4 Qd1+ 35. Kg2 Qxd4 36. c5 Qe4+ 37. Kg1 d4 38. c6 d3 39. Qd7 Kf4 40. Qxg7
Qf3 41. Qxf6+ Ke4 1/2-1/2

[Event "Continental Absoluto Americas 2011"]
[Site "Toluca MEX"]
[Date "2011.04.23"]
[Round "8"]
[White "Quesada Perez, Yuniesky"]
[Black "Ibragimov, Ildar"]
[Result "1-0"]
[WhiteElo "2620"]
[BlackElo "2545"]
[PlyCount "101"]
[EventDate "2011.04.14"]
[EventType "swiss"]
[EventRounds "9"]
[EventCountry "MEX"]
[Source "lmi"]
[SourceDate "2011.04.19"]

1. e4 e5 2. Nf3 Nc6 3. Bb5 a6 4. Ba4 Nf6 5. O-O Be7 6. Re1 b5 7. Bb3 d6 8. c3
O-O 9. h3 Re8 10. d4 Bb7 11. Nbd2 Bf8 12. a3 h6 13. d5 Nb8 14. Nh2 Nbd7 15. Qf3
c6 16. dxc6 Bxc6 17. Ng4 Qe7 18. Ba2 Nxg4 19. hxg4 Qf6 20. Nf1 Qxf3 21. gxf3
Red8 22. Ne3 Nb6 23. Rd1 Rac8 24. Nd5 Nxd5 25. Bxd5 Bxd5 26. Rxd5 Rc5 27. Be3
Rb8 28. Kf1 f6 29. Ke2 Kf7 30. Kd3 g5 31. b4 Rc7 32. a4 Rcb7 33. axb5 axb5 34.
Ra7 Ke6 35. Rxb7 Rxb7 36. c4 bxc4+ 37. Kxc4 Be7 38. b5 Bd8 39. Rd1 Rb8 40. Ra1
Rc8+ 41. Kb4 Rc2 42. Kb3 Re2 43. Ra8 Kd7 44. b6 Rxe3+ 45. fxe3 Bxb6 46. Kc4 Ke6
47. Rh8 Bxe3 48. Rxh6 Bf4 49. Rh8 Be3 50. Ra8 Bf2 51. Kb5 1-0

[Event "Continental Absoluto Americas 2011"]
[Site "Toluca MEX"]
[Date "2011.04.23"]
[Round "8"]
[White "Lafuente, Pablo"]
[Black "Fernandez Cardoso, Alexey"]
[Result "1-0"]
[WhiteElo "2572"]
[BlackElo "2440"]
[PlyCount "69"]
[EventDate "2011.04.14"]
[EventType "swiss"]
[EventRounds "9"]
[EventCountry "MEX"]
[Source "lmi"]
[SourceDate "2011.04.19"]

1. d4 Nf6 2. c4 g6 3. g3 Bg7 4. Bg2 O-O 5. Nc3 d6 6. Nf3 Nfd7 7. O-O e5 8. d5
f5 9. Ng5 Nf6 10. e4 Qe7 11. exf5 gxf5 12. Qc2 c6 13. Bd2 h6 14. Nf3 Ne8 15.
Nh4 Qf7 16. Rae1 cxd5 17. Bxd5 Be6 18. Nxf5 Nc6 19. Nh4 Nd4 20. Qd3 Nc7 21.
Bxe6 Ncxe6 22. Ne4 Qh5 23. Be3 Rf3 24. Qd1 Raf8 25. Bxd4 Nxd4 26. Kg2 Qe8 27.
Nxf3 Nxf3 28. Qd5+ Kh8 29. Re3 Nd4 30. Nxd6 Qg6 31. c5 Ne6 32. Qe4 Qh5 33. Rf3
Bf6 34. Rf5 Qg6 35. Rxe5 1-0

[Event "Continental Absoluto Americas 2011"]
[Site "Toluca MEX"]
[Date "2011.04.23"]
[Round "8"]
[White "Nogueiras Santiago, Jesus"]
[Black "Arenas, David"]
[Result "1-0"]
[WhiteElo "2566"]
[BlackElo "2420"]
[PlyCount "61"]
[EventDate "2011.04.14"]
[EventType "swiss"]
[EventRounds "9"]
[EventCountry "MEX"]
[Source "lmi"]
[SourceDate "2011.04.19"]

1. c4 Nf6 2. Nc3 g6 3. g3 Bg7 4. Bg2 O-O 5. d4 d6 6. e3 c5 7. Nge2 Nc6 8. O-O
Bg4 9. h3 Bd7 10. b3 a6 11. Bb2 Rb8 12. Rc1 b6 13. Nf4 Ne8 14. Ne4 e6 15. Ba1
cxd4 16. exd4 Ne7 17. Nd3 Bc6 18. Re1 Bb7 19. Nd2 Bxg2 20. Kxg2 Nf5 21. Nb4 Ra8
22. d5 e5 23. Nc6 Qc7 24. Ne4 Ne7 25. Nxe7+ Qxe7 26. f4 Bh6 27. h4 f6 28. b4 a5
29. a3 axb4 30. axb4 Qd7 31. Rc2 1-0

[Event "Continental Absoluto Americas 2011"]
[Site "Toluca MEX"]
[Date "2011.04.19"]
[Round "9"]
[White "Friedel, Joshua E"]
[Black "Vescovi, Giovanni"]
[Result "0-1"]
[WhiteElo "2529"]
[BlackElo "2634"]
[PlyCount "64"]
[EventDate "2011.04.14"]
[EventType "swiss"]
[EventRounds "9"]
[EventCountry "MEX"]
[Source "lmi"]
[SourceDate "2011.04.19"]

1. e4 c5 2. Nf3 Nc6 3. Bb5 g6 4. Bxc6 dxc6 5. d3 Bg7 6. h3 b6 7. O-O e5 8. Nbd2
Be6 9. a3 a5 10. b3 Ne7 11. Bb2 f6 12. b4 axb4 13. axb4 cxb4 14. d4 exd4 15.
Nxd4 Bf7 16. f4 O-O 17. Qe2 Rxa1 18. Bxa1 c5 19. N4f3 Nc6 20. f5 Re8 21. g4 Qc7
22. g5 Qg3+ 23. Qg2 Qxg2+ 24. Kxg2 gxf5 25. gxf6 Bh6 26. exf5 c4 27. c3 Bd5 28.
Kf2 b3 29. Bb2 Ne5 30. Ba3 Kf7 31. Rd1 Nxf3 32. Nxf3 Be3+ 0-1

[Event "Continental Absoluto Americas 2011"]
[Site "Toluca MEX"]
[Date "2011.04.19"]
[Round "9"]
[White "Corrales Jimenez, Fidel"]
[Black "Abreu Delgado, Aryam"]
[Result "1-0"]
[WhiteElo "2597"]
[BlackElo "2485"]
[PlyCount "99"]
[EventDate "2011.04.14"]
[EventType "swiss"]
[EventRounds "9"]
[EventCountry "MEX"]
[Source "lmi"]
[SourceDate "2011.04.19"]

1. e4 c5 2. Nf3 d6 3. d4 cxd4 4. Nxd4 Nf6 5. f3 Nc6 6. c4 e6 7. Nc3 Be7 8. Be3
O-O 9. Qd2 d5 10. cxd5 exd5 11. Nxc6 bxc6 12. exd5 Nxd5 13. Nxd5 cxd5 14. Kf2
Bf6 15. Rd1 Be6 16. Bd4 Rb8 17. Be2 a5 18. b3 Bxd4+ 19. Qxd4 Qe7 20. Rd2 Rb4
21. Qe3 a4 22. Bd1 axb3 23. Bxb3 d4 24. Rxd4 Rxd4 25. Qxd4 Bxb3 26. axb3 Rb8
27. Re1 Qb7 28. b4 h6 29. Rb1 Qb6 30. Qxb6 Rxb6 31. Ke3 Kf8 32. Kd4 Ke7 33. Kc5
Rg6 34. g3 Kd7 35. Ra1 Rf6 36. f4 Kc7 37. Ra7+ Kb8 38. Re7 g5 39. Re4 Kc7 40.
b5 Kb7 41. h3 Kc7 42. Re7+ Kb8 43. fxg5 hxg5 44. g4 Rf3 45. Kb6 Rf6+ 46. Ka5
Rf3 47. Ka6 Rxh3 48. Rxf7 Rg3 49. Rf8+ Kc7 50. b6+ 1-0

[Event "Continental Absoluto Americas 2011"]
[Site "Toluca MEX"]
[Date "2011.04.19"]
[Round "9"]
[White "Perez Rodriguez, Luis Manuel"]
[Black "Nogueiras Santiago, Jesus"]
[Result "1/2-1/2"]
[WhiteElo "2483"]
[BlackElo "2566"]
[PlyCount "79"]
[EventDate "2011.04.14"]
[EventType "swiss"]
[EventRounds "9"]
[EventCountry "MEX"]
[Source "lmi"]
[SourceDate "2011.04.19"]

1. e4 Nf6 2. e5 Nd5 3. d4 d6 4. c4 Nb6 5. exd6 exd6 6. Nc3 Be7 7. Qf3 Nc6 8.
Be3 Be6 9. d5 Ne5 10. Qe4 f5 11. Qd4 Bf7 12. Nf3 Nxf3+ 13. gxf3 Bf6 14. Qd2 Bh5
15. Be2 O-O 16. O-O-O f4 17. Bd4 Bxd4 18. Qxd4 Qf6 19. Qd2 Nd7 20. Rhg1 Ne5 21.
Ne4 Qh4 22. Qd4 Bg6 23. Ng5 c5 24. dxc6 Nxc6 25. Qc3 Qxf2 26. Bd3 Qe3+ 27. Kb1
Bxd3+ 28. Qxd3 Qxd3+ 29. Rxd3 Ne5 30. Rxd6 h6 31. Ne6 Rf7 32. Nd8 Nxf3 33. Nxf7
Nxg1 34. Nxh6+ gxh6 35. Rg6+ Kf7 36. Rxg1 Re8 37. Kc1 Kf6 38. Kd2 f3 39. Rf1
Re2+ 40. Kc3 1/2-1/2

[Event "Continental Absoluto Americas 2011"]
[Site "Toluca MEX"]
[Date "2011.04.19"]
[Round "9"]
[White "Ortiz Suarez, Isan Reynaldo"]
[Black "Ruiz Sanchez, Orlen"]
[Result "1-0"]
[WhiteElo "2543"]
[BlackElo "2404"]
[PlyCount "60"]
[EventDate "2011.04.14"]
[EventType "swiss"]
[EventRounds "9"]
[EventCountry "MEX"]
[Source "lmi"]
[SourceDate "2011.04.19"]

1. d4 d5 2. c4 c6 3. Nf3 Nf6 4. Nc3 e6 5. Bg5 dxc4 6. e4 b5 7. e5 h6 8. Bh4 g5
9. Nxg5 hxg5 10. Bxg5 Be7 11. exf6 Bxf6 12. Bxf6 Qxf6 13. g3 Na6 14. Bg2 Bb7
15. a4 O-O-O 16. axb5 Rxd4 17. Qe2 cxb5 18. Bxb7+ Kxb7 19. Nxb5 Rd5 20. Nc3 Re5
21. Ne4 Qd8 22. Qxc4 Nc5 23. O-O Qb6 24. Qd4 Reh5 25. Nxc5+ Qxc5 26. Qd7+ Kb8
27. Rfc1 Rd5 28. Qxf7 Qb6 29. Rc6 Qxc6 30. Qxa7+ Kc8 1-0

[Event "Continental Absoluto Americas 2011"]
[Site "Toluca MEX"]
[Date "2011.04.19"]
[Round "9"]
[White "Gonzalez Garcia, Jose"]
[Black "Cori Tello, Jorge"]
[Result "0-1"]
[WhiteElo "2511"]
[BlackElo "2485"]
[PlyCount "142"]
[EventDate "2011.04.14"]
[EventType "swiss"]
[EventRounds "9"]
[EventCountry "MEX"]
[Source "lmi"]
[SourceDate "2011.04.19"]

1. d4 d5 2. c4 c6 3. Nf3 Nf6 4. Nc3 dxc4 5. a4 Bf5 6. e3 e6 7. Bxc4 Bb4 8. O-O
Nbd7 9. Qe2 Bg6 10. e4 O-O 11. Bd3 Bh5 12. e5 Nd5 13. Nxd5 cxd5 14. Qe3 Be7 15.
Ng5 Bxg5 16. Qxg5 Bg6 17. Be2 Rc8 18. Qxd8 Rfxd8 19. Bg5 f6 20. exf6 gxf6 21.
Bh4 Kf7 22. Rfc1 Nb8 23. f3 Nc6 24. Bf2 Na5 25. Bd1 Nc4 26. b3 Nb2 27. Be2 Nd3
28. Bxd3 Bxd3 29. Be1 e5 30. dxe5 fxe5 31. Rxc8 Rxc8 32. Rd1 e4 33. Bf2 a5 34.
fxe4 dxe4 35. Bb6 Ke6 36. Bxa5 e3 37. Re1 e2 38. Kf2 Ke5 39. Rxe2+ Bxe2 40.
Kxe2 Rc2+ 41. Bd2 Ke4 42. b4 Ra2 43. a5 Rb2 44. g4 Rb3 45. h4 Rg3 46. Be1 Rxg4
47. b5 Rg6 48. Bf2 Rd6 49. Bg3 Rd5 50. a6 Rxb5 51. axb7 Rxb7 52. Kf2 Rb2+ 53.
Kg1 Kf3 54. Bd6 Rg2+ 55. Kh1 Rd2 56. Bc7 Kg4 57. Kg1 Kxh4 58. Bf4 Ra2 59. Be5
Kh3 60. Bd6 Rg2+ 61. Kf1 Rg6 62. Bc7 Rg7 63. Be5 Rg4 64. Kf2 Kh4 65. Bf6+ Kh5
66. Kf3 Rg1 67. Be5 Rg5 68. Bg3 Rg4 69. Bf4 Kh4 70. Bh6 Kh3 71. Kf2 Rg2+ 0-1